00534nam a2200181Ia 4500001000700000003000500007008004100012010001100053040000900064100001500073245010700088260006400195300001000259440000500269500000500274503000500279650006800284Z_3739CHAP220113s198X xx 000 0 und d a166820 cCHAP aRoca, Toni aPrograma hens para una mejora zootecnica en cunicultura /cpor Toni Roca, José Pastor y Toni Colom aChapingo, Méx. :bUACH. Departamento de Zootecnia,c198X a20 h. a a a aConejosxProducción I. Pastor, José II. Colom, Toni III. t.